01146nam a2200205 a 450000100100000000500170001000800410002704000250006811001060009324500450019926000740024430000200031804900090033895201200034795201200046795201200058795201050070795201110081299900170092300003180720200930063209.0110706s1982 dr 000 0 spa d aDO-SdBNPbspacBNPHU2 aRepública DominicanabSecretaría de Estado de Deportes,Educación Física y Recreación93699710aLiga major :bguía y reglas de torneo. aSanto Domingo :bDirección Nacional de Educación Física,c1982. a12 p. ;c22 cm. aBNPD 001054708DSaGRbGRcCTd2011-07-06iLF1l0o p31807-30r2020-06-25te. 3w2020-06-25yLFDSZPréstamo en sala 001054708DSaGRbGRcCTd2011-07-06iLF1l0o p31807-40r2020-06-25te. 4w2020-06-25yLFDSZPréstamo en sala 001054708DSaGRbGRcCTd2011-07-06iLF1l0o p31807-50r2020-06-25te. 5w2020-06-25yLFDSZPréstamo en sala 0010718PDaPDbPDcHDd2011-07-06iLF1l0o p31807-10r2020-06-25w2020-06-25yLFPDZNo se presta 0010718PDaPDbPDcCTd2011-07-06iLF1l0o p31807-20r2020-06-25te. 2w2020-06-25yLFPDZNo se presta c31299d31299